Escritos críticos y afines
Saved in:
| Hovedforfatter: | |
|---|---|
| Format: | Bog |
| Sprog: | spansk |
| Udgivet: |
Buenos Aires
Eterna Cadencia
2016
|
| Udgivelse: | 1a. ed |
| Fag: | |
| Tags: |
Tilføj Tag
Ingen Tags, Vær først til at tagge denne postø!
|
MARC
| LEADER | 00000cam a2200000 a 4500 | ||
|---|---|---|---|
| 001 | UCD5436 | ||
| 003 | CL-VaPUC | ||
| 008 | 160908e20160000ag |||||||||||||||||spa|d | ||
| 020 | |a 9789877120882 | ||
| 082 | 0 | 4 | |a 824 |b JOY |2 21 |
| 100 | |a Joyce, James Augustine |e author |9 498658 | ||
| 245 | 1 | 0 | |a Escritos críticos y afines |
| 250 | |a 1a. ed | ||
| 300 | |a 476 p | ||
| 942 | |c BK | ||
| 945 | |d 20160908 17:08:00 |a dcastane | ||
| 260 | |a Buenos Aires |b Eterna Cadencia |c 2016 | ||
| 650 | 7 | |a ENSAYOS IRLANDESES |2 CL-VaPUC |9 267795 | |
| 650 | 0 | |a Literatura irlandesa |9 349943 | |
| 583 | |a last modification |c 20160908 17:08:00 |k Rodrigo Vera | ||
| 999 | |c 366098 |d 366096 | ||
| 952 | |0 0 |1 0 |3 erb |4 0 |6 824_000000000000000_JOY_2016 |7 0 |8 A |9 480126 |a BIBART |b BIBART |i 5340527 |o 824 JOY 2016 |p 5340527 |r 2025-03-13 |w 2019-11-24 |y BK |z Catalogado en:20160908 |k ART | ||